[Event "Europa ch Femenino 2013"]
[Site "Belgrado SER"]
[Date "2013.07.23"]
[Round "1.69"]
[White "Olea, Liliana"]
[Black "Ozturk, Kubra"]
[Result "0-1"]
[WhiteElo "1905"]
[BlackElo "2293"]
[PlyCount "80"]
[EventDate "2013.07.23"]
[EventType "swiss"]
[EventRounds "11"]
[EventCountry "SER"]
[Source "lmi"]
[SourceDate "2013.07.22"]

1. e4 e5 2. Nc3 Nf6 3. Nf3 Nc6 4. d4 exd4 5. Nxd4 Bb4 6. Nxc6 bxc6 7. Bd3 O-O
8. O-O d5 9. exd5 cxd5 10. Bg5 c6 11. Qf3 Be7 12. Rfe1 Be6 13. h3 Rb8 14. Na4
Qa5 15. b3 Rfe8 16. Rad1 Rbd8 17. Bf5 h6 18. Bd2 Bb4 19. Bxb4 Qxb4 20. c3 Qa3
21. Bb1 c5 22. Rd2 Bd7 23. Rxe8+ Rxe8 24. Qd1 Bxa4 25. bxa4 Qxc3 26. Kh2 c4 27.
g3 Rb8 28. Rc2 Qa1 29. Rc1 Qb2 30. Kg2 d4 31. Bf5 Qb7+ 32. Qf3 g6 33. Qxb7 Rxb7
34. Bc8 Rb4 35. Ba6 c3 36. Bb5 Ne4 37. Kf3 f5 38. Bc6 d3 39. Bxe4 fxe4+ 40. Ke3
d2 0-1

[Event "Europa ch Femenino 2013"]
[Site "Belgrado SER"]
[Date "2013.07.23"]
[Round "1.70"]
[White "Ivakhinova, Inna"]
[Black "Brankov, Kristina"]
[Result "1-0"]
[WhiteElo "2291"]
[BlackElo "1903"]
[PlyCount "75"]
[EventDate "2013.07.23"]
[EventType "swiss"]
[EventRounds "11"]
[EventCountry "SER"]
[Source "lmi"]
[SourceDate "2013.07.22"]

1. d4 Nf6 2. c4 Nc6 3. Nf3 e6 4. a3 b6 5. Nc3 Bb7 6. e4 d6 7. Be2 Be7 8. O-O
O-O 9. Bf4 Re8 10. d5 exd5 11. cxd5 Nb8 12. Bb5 Nbd7 13. Nd4 a6 14. Bc6 Qc8 15.
Rc1 Bf8 16. Bxb7 Qxb7 17. f3 g6 18. Rf2 Bg7 19. Rfc2 Rac8 20. g4 Ne5 21. Nce2
Nfd7 22. Rc3 Nc5 23. b4 Ncd7 24. Qc2 Qb8 25. Rxc7 Rxc7 26. Qxc7 Nd3 27. Qxd7
Nxc1 28. Bxc1 Rd8 29. Nc6 Rxd7 30. Nxb8 Ra7 31. Bf4 Bf8 32. Nd4 b5 33. Ndc6 Ra8
34. e5 dxe5 35. Bxe5 a5 36. d6 axb4 37. axb4 f6 38. d7 1-0

[Event "Europa ch Femenino 2013"]
[Site "Belgrado SER"]
[Date "2013.07.23"]
[Round "1.71"]
[White "Kaplan, Ebru"]
[Black "Zakurdjaeva, Irina"]
[Result "0-1"]
[WhiteElo "1885"]
[BlackElo "2291"]
[PlyCount "92"]
[EventDate "2013.07.23"]
[EventType "swiss"]
[EventRounds "11"]
[EventCountry "SER"]
[Source "lmi"]
[SourceDate "2013.07.22"]

1. e4 c5 2. Nf3 d6 3. d4 cxd4 4. Nxd4 Nf6 5. Nc3 g6 6. Be3 Bg7 7. f3 Nc6 8. Qd2
O-O 9. O-O-O Bd7 10. g4 Rb8 11. h4 Nxd4 12. Bxd4 b5 13. Nd5 e5 14. Be3 Nxd5 15.
exd5 e4 16. Bd4 Bxd4 17. Qxd4 exf3 18. h5 Qg5+ 19. Kb1 Qe5 20. Qg1 Rbe8 21. Bd3
Qf4 22. Qxa7 Bxg4 23. hxg6 hxg6 24. Qf2 Re5 25. Rhg1 Rxd5 26. a3 Re8 27. Rc1
Bf5 28. Bxf5 Rxf5 29. Rh1 Re2 30. Qb6 Kg7 31. Qb8 Rh2 32. Rhf1 f2 33. Qc8 Rc5
34. Qb7 Qf5 35. a4 bxa4 36. Qb4 Qd5 37. Qxa4 Ra5 38. c4 Qe4+ 39. Qc2 Qa8 40.
Qc3+ Kg8 41. b3 Ra2 42. Rcd1 Re2 43. Rxd6 Qa2+ 44. Kc1 Re1+ 45. Rd1 Rxf1 46.
Rxf1 Qe2 0-1

[Event "Europa ch Femenino 2013"]
[Site "Belgrado SER"]
[Date "2013.07.23"]
[Round "1.73"]
[White "Korbovljanovic, Natasa"]
[Black "Franciskovic, Borka"]
[Result "0-1"]
[WhiteElo "1877"]
[BlackElo "2277"]
[PlyCount "128"]
[EventDate "2013.07.23"]
[EventType "swiss"]
[EventRounds "11"]
[EventCountry "SER"]
[Source "lmi"]
[SourceDate "2013.07.22"]

1. e4 c6 2. d4 d5 3. exd5 cxd5 4. Nf3 Nf6 5. Bd3 Nc6 6. c3 g6 7. Bg5 Bg7 8. O-O
O-O 9. Re1 Qc7 10. Nbd2 Nh5 11. Bb5 e6 12. Nb3 h6 13. Be3 Kh7 14. Bd3 Nf6 15.
Qd2 b6 16. Bf4 Qe7 17. Ne5 Bb7 18. Qe2 Nxe5 19. Bxe5 Nd7 20. Bxg7 Kxg7 21. Nd2
Qd6 22. Nf3 Bc6 23. Bb5 Bxb5 24. Qxb5 a6 25. Qe2 b5 26. Ne5 Nxe5 27. Qxe5+ Qxe5
28. dxe5 Rfc8 29. Kf1 Rc4 30. Rac1 Rac8 31. Ke2 g5 32. Kd3 b4 33. Kd2 Rf4 34.
f3 Rb8 35. b3 bxc3+ 36. Rxc3 g4 37. Ke2 gxf3+ 38. gxf3 Rh4 39. Rg1+ Kf8 40. Rg2
a5 41. a3 d4 42. Rd3 Rb5 43. b4 axb4 44. axb4 Rxe5+ 45. Kf2 Ke7 46. Kg3 Reh5
47. b5 Rh3+ 48. Kf2 Rxh2 49. Rxd4 Rxg2+ 50. Kxg2 Rxb5 51. Rh4 h5 52. Kg3 Kf6
53. Rf4+ Kg6 54. Re4 Ra5 55. Kh4 Ra3 56. Kg3 Rb3 57. Re5 Rc3 58. Re4 Rd3 59.
Re5 Rd5 60. Re4 e5 61. Kh3 f5 62. Re3 Kg5 63. Re1 Kf4 64. Rf1 Rd3 0-1

[Event "Europa ch Femenino 2013"]
[Site "Belgrado SER"]
[Date "2013.07.23"]
[Round "1.74"]
[White "Schut, Lisa"]
[Black "Rakic, Teodora"]
[Result "1-0"]
[WhiteElo "2277"]
[BlackElo "1862"]
[PlyCount "57"]
[EventDate "2013.07.23"]
[EventType "swiss"]
[EventRounds "11"]
[EventCountry "SER"]
[Source "lmi"]
[SourceDate "2013.07.22"]

1. e4 e6 2. d4 d5 3. Nc3 dxe4 4. Nxe4 Nd7 5. Nf3 Be7 6. Bd3 Ngf6 7. Nxf6+ Nxf6
8. Bg5 O-O 9. Qe2 c5 10. O-O-O Qa5 11. Kb1 cxd4 12. h4 h6 13. Ne5 Rd8 14. Rh3
Rd5 15. f4 Kf8 16. g4 Nd7 17. Bc4 Rd6 18. Bxe7+ Kxe7 19. g5 Nxe5 20. fxe5 Rd8
21. gxh6 gxh6 22. Rf3 b5 23. Qf2 f5 24. exf6+ Kf7 25. Bd3 Bb7 26. Rg3 Rg8 27.
Rg7+ Rxg7 28. fxg7+ Kg8 29. Rf1 1-0

[Event "Europa ch Femenino 2013"]
[Site "Belgrado SER"]
[Date "2013.07.23"]
[Round "1.75"]
[White "Ivekovic, Ivana"]
[Black "Papp, Petra"]
[Result "0-1"]
[WhiteElo "1858"]
[BlackElo "2276"]
[PlyCount "84"]
[EventDate "2013.07.23"]
[EventType "swiss"]
[EventRounds "11"]
[EventCountry "SER"]
[Source "lmi"]
[SourceDate "2013.07.22"]

1. d4 Nf6 2. Nf3 g6 3. c4 Bg7 4. Nc3 d5 5. e3 O-O 6. Be2 e6 7. O-O b6 8. Nd2
Bb7 9. b3 Nbd7 10. Ba3 Re8 11. Rc1 e5 12. dxe5 Nxe5 13. cxd5 Nxd5 14. Nxd5 Qxd5
15. Bf3 Nxf3+ 16. Nxf3 c5 17. Qxd5 Bxd5 18. Rfd1 Red8 19. Kf1 Bb7 20. Nd2 Ba6+
21. Ke1 Rd3 22. Nc4 Rxd1+ 23. Rxd1 Bc3+ 24. Nd2 Rd8 25. Bc1 Bd3 26. f3 Bc2 27.
Ke2 Bxd1+ 28. Kxd1 b5 29. Ke2 Bxd2 30. Bxd2 c4 31. bxc4 bxc4 32. Bb4 a5 33.
Bxa5 Ra8 34. Bd2 Rxa2 35. Kd1 f5 36. Ke1 Kf7 37. h4 Ke6 38. g4 fxg4 39. fxg4
Kd5 40. h5 Ke4 41. hxg6 hxg6 42. g5 Kd3 0-1

[Event "Europa ch Femenino 2013"]
[Site "Belgrado SER"]
[Date "2013.07.23"]
[Round "1.76"]
[White "Mamedjarova, Turkan"]
[Black "Martynkova, Olena"]
[Result "0-1"]
[WhiteElo "2267"]
[BlackElo "1851"]
[PlyCount "52"]
[EventDate "2013.07.23"]
[EventType "swiss"]
[EventRounds "11"]
[EventCountry "SER"]
[Source "lmi"]
[SourceDate "2013.07.22"]

1. e4 c5 2. c3 d5 3. exd5 Qxd5 4. Nf3 Nc6 5. d4 Bf5 6. Na3 cxd4 7. Nb5 O-O-O 8.
cxd4 e5 9. Qa4 exd4 10. Nxa7+ Nxa7 11. Qxa7 Qe4+ 12. Be2 d3 13. O-O dxe2 14.
Bg5 exf1=Q+ 15. Kxf1 Be7 16. Qa8+ Kd7 17. Qa5 Ke8 18. Re1 Qd5 19. Qc7 Be6 20.
h4 Bxg5 21. Nxg5 Ne7 22. Qc3 Qd2 23. Qe5 Ng6 24. Qe4 Rd4 25. Qb1 Nxh4 26. Nxh7
Rxh7 0-1

[Event "Europa ch Femenino 2013"]
[Site "Belgrado SER"]
[Date "2013.07.23"]
[Round "1.78"]
[White "Mamedjarova, Zeinab"]
[Black "Sekulovic, Dusica"]
[Result "1-0"]
[WhiteElo "2256"]
[BlackElo "1805"]
[PlyCount "67"]
[EventDate "2013.07.23"]
[EventType "swiss"]
[EventRounds "11"]
[EventCountry "SER"]
[Source "lmi"]
[SourceDate "2013.07.22"]

1. d4 d5 2. Nf3 Nf6 3. e3 Bf5 4. Bd3 Bxd3 5. cxd3 c6 6. O-O e6 7. Nc3 Be7 8. e4
O-O 9. Bg5 h6 10. Bxf6 Bxf6 11. Ne2 Nd7 12. e5 Be7 13. Kh1 Rc8 14. Nfg1 Qb6 15.
f4 c5 16. dxc5 Nxc5 17. Rb1 Qa6 18. b4 Na4 19. Qb3 b5 20. f5 exf5 21. Rxf5 Qg6
22. Rbf1 Nb6 23. Nd4 a6 24. R5f3 Qg5 25. Nf5 Rc7 26. Rg3 Qd2 27. Rxg7+ Kh8 28.
Rg3 Bg5 29. d4 Rc2 30. a3 Bf4 31. Rxf4 Qxf4 32. Qxc2 Rc8 33. Qd3 Rc1 34. Ne7
1-0

[Event "Europa ch Femenino 2013"]
[Site "Belgrado SER"]
[Date "2013.07.23"]
[Round "1.79"]
[White "Mahmutbegovic, Nadina"]
[Black "Umudova, Nargiz"]
[Result "0-1"]
[WhiteElo "1800"]
[BlackElo "2253"]
[PlyCount "148"]
[EventDate "2013.07.23"]
[EventType "swiss"]
[EventRounds "11"]
[EventCountry "SER"]
[Source "lmi"]
[SourceDate "2013.07.22"]

1. e4 c6 2. d4 d5 3. exd5 cxd5 4. Bf4 Nc6 5. c3 Bf5 6. Qb3 Qd7 7. Nf3 e6 8. Be2
f6 9. Nbd2 Nge7 10. h3 g5 11. Bh2 h5 12. Qd1 Bg6 13. Nb3 Nf5 14. Bd3 Bd6 15.
Bxd6 Qxd6 16. Qe2 Kf7 17. O-O-O Nb8 18. g4 Ne7 19. Bxg6+ Nxg6 20. Nc5 b6 21.
Nd3 hxg4 22. hxg4 Nd7 23. Kb1 Rag8 24. Rde1 Rxh1 25. Rxh1 Rh8 26. Rxh8 Nxh8 27.
Qf1 Ng6 28. Qh1 Kg7 29. Qe1 Ndf8 30. Qe3 Kf7 31. Kc2 Nd7 32. Qc1 Nb8 33. Qh1
Kg7 34. Qh2 Qd8 35. Kd2 Nc6 36. Qh1 Na5 37. b3 Nb7 38. Nfe1 Qc7 39. Ng2 Nd6 40.
f3 Nb5 41. Qc1 Qh2 42. Qf1 Nh4 43. Nde1 Nd6 44. Qe2 Kf7 45. Kd1 Qg3 46. Ne3 b5
47. Nf1 Qf4 48. Nd2 Qg3 49. Nd3 Ng6 50. Nf1 Qh3 51. Nf2 Qh4 52. Nd3 Qh1 53. Nf2
Qh7 54. Nd3 Nf4 55. Nxf4 Qb1+ 56. Kd2 Qxa2+ 57. Ke1 Qa1+ 58. Kf2 gxf4 59. Qd2
Ke7 60. Qxf4 Qxc3 61. g5 Nf5 62. gxf6+ Kf7 63. Qb8 Nxd4 64. Qxa7+ Kxf6 65. Nh2
Qd2+ 66. Kg3 Nf5+ 67. Kh3 Qf4 68. Qf2 d4 69. Ng4+ Ke7 70. Kg2 Kf7 71. Qe2 Qg3+
72. Kf1 Qxg4 73. Qxe6+ Kxe6 74. fxg4 Ne3+ 0-1

[Event "Europa ch Femenino 2013"]
[Site "Belgrado SER"]
[Date "2013.07.23"]
[Round "1.80"]
[White "Olsarova, Karolina"]
[Black "Injac, Teodora"]
[Result "1-0"]
[WhiteElo "2246"]
[BlackElo "1713"]
[PlyCount "111"]
[EventDate "2013.07.23"]
[EventType "swiss"]
[EventRounds "11"]
[EventCountry "SER"]
[Source "lmi"]
[SourceDate "2013.07.22"]

1. e4 e6 2. d4 d5 3. Nd2 c5 4. exd5 exd5 5. Bb5+ Nc6 6. Ne2 Bd6 7. dxc5 Bxc5 8.
Nb3 Bb6 9. O-O Nge7 10. Bf4 O-O 11. c3 Bf5 12. Qd2 a6 13. Ba4 Be4 14. Rad1 Qd7
15. Ng3 Qe6 16. Nxe4 Qxe4 17. Bxc6 Nxc6 18. Bd6 Rfd8 19. Qxd5 Qa4 20. Rd2 Bc7
21. Nc5 Qb5 22. c4 Qb6 23. Na4 Qa5 24. Qxa5 Nxa5 25. Bxc7 Rxd2 26. Bxa5 Rc2 27.
Nb6 Re8 28. Bc3 Rce2 29. a4 R2e6 30. a5 Rd8 31. g3 f6 32. Rc1 Kf7 33. Kf1 Red6
34. Nd5 Rc6 35. b3 Re6 36. Bd4 Rc6 37. Be3 Rd7 38. Ke2 g5 39. Rd1 Rcd6 40. Rd4
Kg7 41. Kd3 Re6 42. Nb6 Rde7 43. Rd8 Re5 44. Nd5 Rf7 45. b4 h6 46. b5 axb5 47.
cxb5 Re6 48. Nb4 Re5 49. a6 bxa6 50. bxa6 Ra5 51. Rb8 Ra3+ 52. Kc4 Kg6 53. Rb7
Rf8 54. a7 Ra8 55. Nc6 Rc8 56. Kb4 1-0

[Event "Europa ch Femenino 2013"]
[Site "Belgrado SER"]
[Date "2013.07.23"]
[Round "1.81"]
[White "Gurcan, Aytolun"]
[Black "Bronnikova, Elizaveta"]
[Result "0-1"]
[WhiteElo "1705"]
[BlackElo "2245"]
[PlyCount "90"]
[EventDate "2013.07.23"]
[EventType "swiss"]
[EventRounds "11"]
[EventCountry "SER"]
[Source "lmi"]
[SourceDate "2013.07.22"]

1. e4 c5 2. Nf3 d6 3. d4 cxd4 4. Nxd4 Nf6 5. Nc3 a6 6. g3 e6 7. Bg2 Qc7 8. O-O
Nc6 9. h3 Bd7 10. a4 Be7 11. g4 O-O 12. Kh1 Nxd4 13. Qxd4 Bc6 14. f4 Rfe8 15.
g5 Nh5 16. Qf2 g6 17. Be3 Bf8 18. Bb6 Qe7 19. Rae1 e5 20. fxe5 dxe5 21. Be3
Rac8 22. Rd1 b5 23. axb5 axb5 24. Nd5 Bxd5 25. Rxd5 b4 26. Bf3 Nf4 27. Bxf4
exf4 28. Qd2 Bg7 29. c3 bxc3 30. bxc3 Be5 31. Rc1 Qxg5 32. Rd3 Qh4 33. Bg2 Rc4
34. Rb1 Rec8 35. Rc1 Qf6 36. Rf3 Kg7 37. Rc2 h5 38. Rd3 Bxc3 39. Qe2 Be5 40.
Rxc4 Rxc4 41. Rd1 Rc6 42. Bf3 Qh4 43. Qg2 g5 44. Kg1 g4 45. Rd5 Rc3 0-1

[Event "Europa ch Femenino 2013"]
[Site "Belgrado SER"]
[Date "2013.07.23"]
[Round "1.82"]
[White "Dolzhikova, Olga"]
[Black "Sarjanovic, Andjela"]
[Result "1-0"]
[WhiteElo "2244"]
[BlackElo "1655"]
[PlyCount "45"]
[EventDate "2013.07.23"]
[EventType "swiss"]
[EventRounds "11"]
[EventCountry "SER"]
[Source "lmi"]
[SourceDate "2013.07.22"]

1. e4 d5 2. exd5 Qxd5 3. Nc3 Qd6 4. d4 Nf6 5. Nf3 c6 6. Ne5 Nbd7 7. Bf4 Nd5 8.
Nxd5 Qxd5 9. Be2 Nxe5 10. Bxe5 Bf5 11. O-O e6 12. c4 Qd7 13. Qb3 O-O-O 14. Rfd1
f6 15. Bf4 g5 16. Be3 Bd6 17. d5 Bb8 18. Bf3 exd5 19. cxd5 Qc7 20. g3 Bd7 21.
Rac1 Rde8 22. dxc6 Bxc6 23. Bg4+ 1-0

[Event "Europa ch Femenino 2013"]
[Site "Belgrado SER"]
[Date "2013.07.23"]
[Round "1.83"]
[White "Jankovic, Milanka"]
[Black "Stjazhkina, Olga"]
[Result "0-1"]
[WhiteElo "1619"]
[BlackElo "2243"]
[PlyCount "70"]
[EventDate "2013.07.23"]
[EventType "swiss"]
[EventRounds "11"]
[EventCountry "SER"]
[Source "lmi"]
[SourceDate "2013.07.22"]

1. d4 d5 2. Nf3 Nf6 3. Nc3 Bf5 4. Bg5 Ne4 5. Bd2 e6 6. e3 c5 7. Bb5+ Nc6 8. Ne5
Qb6 9. dxc5 Nxc5 10. Bxc6+ bxc6 11. b3 Bd6 12. f4 Bxe5 13. fxe5 Qc7 14. Na4
Nxa4 15. bxa4 Qxe5 16. O-O O-O 17. Rb1 Rab8 18. Rf4 c5 19. Rb5 Rxb5 20. axb5
Qb2 21. a4 Bxc2 22. Qc1 Qxc1+ 23. Bxc1 e5 24. Rh4 c4 25. Ba3 Rc8 26. a5 Rb8 27.
Bc5 Rxb5 28. Bxa7 Rxa5 29. Bb8 f6 30. g4 Be4 31. Rh3 c3 32. g5 c2 33. gxf6
c1=Q+ 34. Kf2 Ra2+ 35. Kg3 Qxe3+ 0-1

[Event "Europa ch Femenino 2013"]
[Site "Belgrado SER"]
[Date "2013.07.23"]
[Round "1.84"]
[White "Styazhkina, Anna"]
[Black "Rudovic, Anja"]
[Result "1-0"]
[WhiteElo "2242"]
[BlackElo "1549"]
[PlyCount "73"]
[EventDate "2013.07.23"]
[EventType "swiss"]
[EventRounds "11"]
[EventCountry "SER"]
[Source "lmi"]
[SourceDate "2013.07.22"]

1. e4 c5 2. Nf3 Nf6 3. e5 Nd5 4. Nc3 e6 5. Nxd5 exd5 6. d4 Nc6 7. dxc5 Bxc5 8.
Qxd5 Qb6 9. Bc4 Bxf2+ 10. Ke2 O-O 11. Rf1 Bc5 12. Ng5 Nxe5 13. Qxe5 d5 14. Qxd5
Bg4+ 15. Rf3 Rae8+ 16. Kf1 Bxf3 17. Qxf3 Re7 18. Bd2 Qxb2 19. Bc3 Qb6 20. Bd3
h6 21. Qf5 g6 22. Qh3 Bg1 23. Qh4 Rc8 24. Nh3 g5 25. Qb4 Qxb4 26. Bxb4 Bd4 27.
Rd1 Re5 28. Nf2 h5 29. Ne4 Bb6 30. Nd6 Rc7 31. Nf5 Bc5 32. Bc3 Re6 33. Ng7 Rh6
34. Ne8 Re7 35. Nf6+ Kf8 36. Bf5 b6 37. Rd8+ 1-0

[Event "Europa ch Femenino 2013"]
[Site "Belgrado SER"]
[Date "2013.07.24"]
[Round "2.1"]
[White "Lagno, Kateryna"]
[Black "Purtseladze, Maka"]
[Result "1/2-1/2"]
[WhiteElo "2542"]
[BlackElo "2349"]
[PlyCount "111"]
[EventDate "2013.07.23"]
[EventType "swiss"]
[EventRounds "11"]
[EventCountry "SER"]
[Source "lmi"]
[SourceDate "2013.07.22"]

1. d4 Nf6 2. c4 e6 3. Nf3 Bb4+ 4. Nbd2 a5 5. e3 d6 6. Bd3 Nc6 7. O-O Bxd2 8.
Nxd2 e5 9. d5 Nb4 10. Bb1 O-O 11. a3 Na6 12. Bc2 Nc5 13. b3 c6 14. dxc6 bxc6
15. Bb2 Rb8 16. Bc3 Re8 17. b4 axb4 18. axb4 Na6 19. b5 Nc5 20. Nb3 Nxb3 21.
Bxb3 cxb5 22. cxb5 Rxb5 23. Ba4 Rd5 24. Qe2 Bd7 25. e4 Rc5 26. Bb4 Rc8 27. Rfd1
Bxa4 28. Rxa4 Ra8 29. Rxa8 Qxa8 30. Bxd6 Nxe4 31. Bb4 h6 32. h3 Nf6 33. Bc3 Nd5
34. Qf3 Nxc3 35. Qxc3 Qa4 36. Qd3 Qc6 37. h4 e4 38. Qd7 Qxd7 39. Rxd7 g6 40.
Kf1 Ra8 41. Ke2 Ra3 42. g3 f5 43. Rd6 Kg7 44. Rd7+ Kf6 45. Rd6+ Kf7 46. h5 g5
47. Rxh6 f4 48. gxf4 gxf4 49. Rd6 Kg7 50. Rd4 f3+ 51. Kd2 Ra2+ 52. Ke3 Re2+ 53.
Kf4 Rxf2 54. Rxe4 Rf1 55. Re6 Kh7 56. Re3 1/2-1/2

[Event "Europa ch Femenino 2013"]
[Site "Belgrado SER"]
[Date "2013.07.24"]
[Round "2.2"]
[White "Gvetadze, Sofio"]
[Black "Kosintseva, Tatiana"]
[Result "1/2-1/2"]
[WhiteElo "2341"]
[BlackElo "2528"]
[PlyCount "83"]
[EventDate "2013.07.23"]
[EventType "swiss"]
[EventRounds "11"]
[EventCountry "SER"]
[Source "lmi"]
[SourceDate "2013.07.22"]

1. e4 e5 2. Nf3 Nc6 3. c3 Nf6 4. d4 exd4 5. e5 Nd5 6. cxd4 Bb4+ 7. Bd2 Bxd2+ 8.
Qxd2 d6 9. Nc3 dxe5 10. dxe5 Nxc3 11. Qxc3 Qd5 12. Be2 Qe4 13. Qc4 Qxc4 14.
Bxc4 Be6 15. Rc1 O-O-O 16. O-O Bxc4 17. Rxc4 Rhe8 18. Re4 f6 19. Rh4 Nxe5 20.
Nxe5 Rxe5 21. Rxh7 Re7 22. h4 Rd2 23. h5 Kd7 24. Rb1 Ke8 25. a3 Kf8 26. Rh8+
Kf7 27. b4 Ree2 28. Rf1 Re8 29. Rxe8 Kxe8 30. Rc1 c6 31. Rc3 Kf7 32. g4 Rd4 33.
f3 Rd2 34. b5 Ra2 35. bxc6 bxc6 36. Rxc6 Rxa3 37. Rc7+ Kg8 38. Kf2 a5 39. Kg3
Rb3 40. Ra7 Rb5 41. Kh4 Kh7 42. f4 1/2-1/2

[Event "Europa ch Femenino 2013"]
[Site "Belgrado SER"]
[Date "2013.07.24"]
[Round "2.3"]
[White "Cramling, Pia"]
[Black "Kashlinskaya, Alina"]
[Result "1/2-1/2"]
[WhiteElo "2523"]
[BlackElo "2334"]
[PlyCount "140"]
[EventDate "2013.07.23"]
[EventType "swiss"]
[EventRounds "11"]
[EventCountry "SER"]
[Source "lmi"]
[SourceDate "2013.07.22"]

1. d4 d5 2. Nf3 Nf6 3. c4 e6 4. Bg5 Be7 5. Nc3 h6 6. Bh4 O-O 7. e3 b6 8. Be2
Bb7 9. Bxf6 Bxf6 10. cxd5 exd5 11. O-O Qe7 12. Qb3 Rd8 13. Rfd1 c6 14. a4 Ba6
15. a5 Bxe2 16. Nxe2 Nd7 17. Nf4 Qd6 18. Rdc1 Rdc8 19. h3 Bd8 20. axb6 axb6 21.
Qc2 c5 22. Qb3 Nf6 23. Qb5 g5 24. Ne2 Qd7 25. Qxd7 Nxd7 26. Nc3 Nf6 27. Ne5 Be7
28. Rxa8 Rxa8 29. dxc5 bxc5 30. Rd1 Bd6 31. Ng4 Nxg4 32. hxg4 d4 33. exd4 cxd4
34. Rxd4 Be5 35. Rd5 f6 36. Kf1 Rb8 37. Rd2 Kf7 38. Ke2 Rb4 39. f3 Bf4 40. Rc2
Be5 41. Ke3 Ke6 42. Re2 Rd4 43. Rd2 Rb4 44. Kd3 Rb8 45. Kc2 f5 46. gxf5+ Kxf5
47. Re2 Rc8 48. Re4 h5 49. g4+ hxg4 50. fxg4+ Ke6 51. Rb4 Rh8 52. Ne2 Rh2 53.
Kd3 Rg2 54. Ke3 Rh2 55. b3 Bd6 56. Rb5 Rh4 57. Rxg5 Kf6 58. Rf5+ Ke7 59. g5
Rh3+ 60. Rf3 Rh5 61. g6 Rg5 62. Nf4 Bxf4+ 63. Rxf4 Rxg6 64. Kd3 Kd6 65. Rc4
Rg3+ 66. Kc2 Rg5 67. Kb2 Rc5 68. Rb4 Kc6 69. Ka3 Ra5+ 70. Ra4 Kb5 1/2-1/2

[Event "Europa ch Femenino 2013"]
[Site "Belgrado SER"]
[Date "2013.07.24"]
[Round "2.4"]
[White "Cosma, Elena-Luminita"]
[Black "Khotenashvili, Bela"]
[Result "0-1"]
[WhiteElo "2329"]
[BlackElo "2512"]
[PlyCount "108"]
[EventDate "2013.07.23"]
[EventType "swiss"]
[EventRounds "11"]
[EventCountry "SER"]
[Source "lmi"]
[SourceDate "2013.07.22"]

1. Nf3 Nf6 2. g3 g6 3. b3 Bg7 4. Bb2 d5 5. c4 c5 6. cxd5 Qxd5 7. Bg2 Nc6 8. O-O
Qh5 9. d3 Bh3 10. Nbd2 O-O 11. Rc1 b6 12. Re1 Bxg2 13. Kxg2 Rfd8 14. Qc2 Rac8
15. Qc4 Bh6 16. Bxf6 exf6 17. Rcd1 Bxd2 18. Nxd2 Rd4 19. Qa6 Rc7 20. Nf3 Rd8
21. Qc4 Nd4 22. Ng1 Kg7 23. e3 b5 24. Qc1 Qd5+ 25. f3 Ne6 26. Ne2 Qh5 27. g4
Qe5 28. f4 Qd5+ 29. e4 Qb7 30. f5 Nd4 31. Nf4 Re7 32. Re3 Qc6 33. Rde1 Re5 34.
Kg1 c4 35. bxc4 bxc4 36. Nd5 c3 37. g5 fxg5 38. f6+ Kh8 39. Qxc3 Qxc3 40. Nxc3
Nc2 41. Kf2 Nxe1 42. Kxe1 Rd6 43. Ke2 Rxf6 44. d4 Re8 45. d5 Kg7 46. h3 h5 47.
Nb5 a6 48. e5 Rf5 49. Nd6 Rexe5 50. Nxf5+ Rxf5 51. Ra3 Re5+ 52. Kf2 Rxd5 53.
Rxa6 Rd2+ 54. Kg1 f5 0-1

[Event "Europa ch Femenino 2013"]
[Site "Belgrado SER"]
[Date "2013.07.24"]
[Round "2.6"]
[White "Girya, Olga"]
[Black "Rakic, Marija"]
[Result "1-0"]
[WhiteElo "2437"]
[BlackElo "2294"]
[PlyCount "81"]
[EventDate "2013.07.23"]
[EventType "swiss"]
[EventRounds "11"]
[EventCountry "SER"]
[Source "lmi"]
[SourceDate "2013.07.22"]

1. d4 Nf6 2. c4 e6 3. Nf3 b6 4. g3 Ba6 5. Qa4 Bb7 6. Bg2 c5 7. dxc5 bxc5 8. O-O
Be7 9. Nc3 O-O 10. Rd1 d6 11. Bf4 Qb6 12. Rab1 Rd8 13. b4 Bc6 14. b5 Bb7 15.
Qc2 Nbd7 16. Ng5 Bxg2 17. Kxg2 Nf8 18. Nge4 Ng6 19. Bg5 Nxe4 20. Nxe4 Bxg5 21.
Nxg5 Qb7+ 22. Kg1 Rac8 23. h4 Qe7 24. Rb3 h6 25. Nf3 d5 26. h5 Nf8 27. Ne5 dxc4
28. Nxc4 Qg5 29. Rbd3 Rxd3 30. Qxd3 Qxh5 31. a4 Rb8 32. Rd2 Qg4 33. e4 Qg5 34.
Qd6 Rc8 35. a5 Qf6 36. b6 axb6 37. axb6 Qa1+ 38. Kh2 Qa6 39. Rb2 Qb7 40. Na5
Qd7 41. b7 1-0

[Event "Europa ch Femenino 2013"]
[Site "Belgrado SER"]
[Date "2013.07.24"]
[Round "2.3"]
[White "Mammadova, Gulnar"]
[Black "Kosteniuk, Alexandra"]
[Result "1-0"]
[WhiteElo "2322"]
[BlackElo "2489"]
[PlyCount "73"]
[EventDate "2013.07.23"]
[EventType "swiss"]
[EventRounds "11"]
[EventCountry "SER"]
[Source "lmi"]
[SourceDate "2013.07.22"]

1. e4 c5 2. Nf3 Nc6 3. Bb5 Nf6 4. Nc3 g6 5. e5 Ng4 6. Bxc6 dxc6 7. d3 Bg7 8.
Bf4 Nh6 9. Ne4 Bg4 10. h3 Bxf3 11. Qxf3 Qa5+ 12. c3 Nf5 13. O-O h6 14. Nd2 e6
15. g4 Nh4 16. Qe3 O-O-O 17. Nc4 Qc7 18. Bg3 g5 19. b4 cxb4 20. Qxa7 Kd7 21.
cxb4 Ng6 22. Qe3 Ke8 23. Nd6+ Kf8 24. b5 Kg8 25. d4 Ne7 26. Qf3 Nd5 27. bxc6
Qxc6 28. Qxf7+ Kh7 29. Rac1 Nc3 30. Kh2 Rhf8 31. Qxe6 Qa6 32. Rxc3 Qxf1 33. Nf5
Rg8 34. Rc7 Qa6 35. Qxa6 bxa6 36. e6 Rc8 37. Rb7 1-0

[Event "Europa ch Femenino 2013"]
[Site "Belgrado SER"]
[Date "2013.07.24"]
[Round "2.4"]
[White "Ziaziulkina, Nastassia"]
[Black "Pogonina, Natalija"]
[Result "0-1"]
[WhiteElo "2321"]
[BlackElo "2478"]
[PlyCount "94"]
[EventDate "2013.07.23"]
[EventType "swiss"]
[EventRounds "11"]
[EventCountry "SER"]
[Source "lmi"]
[SourceDate "2013.07.22"]

1. e4 e5 2. Nf3 Nc6 3. Bb5 a6 4. Ba4 Nf6 5. O-O b5 6. Bb3 Bb7 7. d3 Be7 8. Nc3
O-O 9. Bd2 d6 10. Nd5 Nxd5 11. Bxd5 Rb8 12. a4 Qd7 13. c3 Nd8 14. Bxb7 Rxb7 15.
b4 Bf6 16. Qb3 c6 17. axb5 axb5 18. Ra6 Ne6 19. Rfa1 h6 20. Be3 d5 21. h3 Rc8
22. Ra8 Rxa8 23. Rxa8+ Kh7 24. Qb1 g6 25. d4 exd4 26. Nxd4 Nc7 27. Ra3 dxe4 28.
Nb3 Ne6 29. Na5 Rc7 30. Qxe4 c5 31. bxc5 Nxc5 32. Qf3 Bg7 33. Qe2 Ne4 34. c4
Nc3 35. Qe1 b4 36. Ra1 Ne2+ 37. Kh2 Bxa1 38. Qxa1 Qf5 39. c5 Ra7 40. Qb2 Rxa5
41. Qxe2 Qe5+ 42. f4 Qe4 43. Qd2 Ra3 44. Qd7 Qe6 45. Qxe6 fxe6 46. Bd4 Rd3 47.
Be5 Rc3 0-1

[Event "Europa ch Femenino 2013"]
[Site "Belgrado SER"]
[Date "2013.07.24"]
[Round "2.5"]
[White "Zhukova, Natalia"]
[Black "Galojan, Lilit"]
[Result "1/2-1/2"]
[WhiteElo "2471"]
[BlackElo "2320"]
[PlyCount "82"]
[EventDate "2013.07.23"]
[EventType "swiss"]
[EventRounds "11"]
[EventCountry "SER"]
[Source "lmi"]
[SourceDate "2013.07.22"]

1. d4 Nf6 2. c4 e6 3. Nc3 Bb4 4. Nf3 O-O 5. Bg5 h6 6. Bh4 b6 7. e3 Bb7 8. Bd3
c5 9. O-O cxd4 10. exd4 Be7 11. Re1 d6 12. b4 Nbd7 13. Rb1 Re8 14. a4 a6 15.
Bg3 Nh5 16. d5 exd5 17. Nxd5 Bxd5 18. cxd5 Nxg3 19. Nd4 Bf8 20. hxg3 Rxe1+ 21.
Qxe1 Qg5 22. Qe2 Qe5 23. Rd1 Qxe2 24. Bxe2 g6 25. Rc1 Bg7 26. Nb3 Kf8 27. Rc6
Ke7 28. Nd2 a5 29. bxa5 bxa5 30. Nc4 Be5 31. Rc7 Kd8 32. Rb7 f5 33. Rb5 Bc3 34.
Nxd6 Bb4 35. Nc4 Rc8 36. Nxa5 Rc1+ 37. Kh2 Be1 38. Nc6+ Kc7 39. f3 Bf2 40. a5
Nf6 41. Bd3 Nxd5 1/2-1/2